Ohýbači reality. 1, Odpočet /
Úvodní část sci-fi série o nevyzpytatelné a zákeřné hře, která může lidstvo posunout do vyššího galaktického systému nebo naopak odsoudit k definitivní ztrátě dosavadního postavení ve vesmíru.
Uloženo v:
| Série: | Ohýbači reality,
část 1 |
|---|---|
| Hlavní autor: | |
| Další autoři: | |
| Médium: | E-kniha |
| Jazyk: | Czech |
| Vydáno: |
Ostrava :
Fantom Print,
2022
|
| Vydání: | 1. vydání |
| Témata: | |
| Příbuzné jednotky: | Název anglického překladu::
Countdown Z cyklu:: Ohýbači reality |
| Tagy: |
Žádné tagy |
| LEADER | 02938nam a2200457 i 4500 | ||
|---|---|---|---|
| 001 | 311745 | ||
| 003 | CZ PrSKC | ||
| 005 | 20260601215711.0 | ||
| 007 | ta | ||
| 008 | 221129s2022 xr g 000 f cze | ||
| 015 | |a cnb003474401 | ||
| 020 | |a 9788075941237 |q (brožováno) | ||
| 035 | |a (OCoLC)1369540629 | ||
| 040 | |a ABG001 |b cze |e rda | ||
| 041 | 1 | |a cze |k eng |h rus | |
| 072 | 7 | |a 821.161.1 |x Ruská literatura, rusky psaná |2 Konspekt | |
| 080 | |a 821.161.1-31 |2 MRF | ||
| 080 | |a (0:82-311.9) |2 MRF | ||
| 100 | 1 | |a Atamanov, Michail, |d 1975- |7 mzk2018989857 |4 aut | |
| 245 | 1 | 0 | |a Ohýbači reality. |n 1, |p Odpočet / |c Michael Atamanov ; překlad Martin Kapalka |
| 246 | 3 | 0 | |a Odpočet |
| 250 | |a 1. vydání | ||
| 264 | 1 | |a Ostrava : |b Fantom Print, |c 2022 | |
| 300 | |a 351 stran ; |c 21 cm | ||
| 336 | |a text |b txt |2 rdacontent | ||
| 337 | |a bez média |b n |2 rdamedia | ||
| 338 | |a svazek |b nc |2 rdacarrier | ||
| 500 | |a Přeloženo z anglického překladu ruského originálu | ||
| 520 | 2 | |a Úvodní část sci-fi série o nevyzpytatelné a zákeřné hře, která může lidstvo posunout do vyššího galaktického systému nebo naopak odsoudit k definitivní ztrátě dosavadního postavení ve vesmíru. |b Po dlouhém čekání konečně došlo k prvnímu kontaktu s mimozemskou civilizací. Bohužel tomu moc lidí nevěřilo - a ještě méně z nás si uvědomovalo, jak málo času nám noví vládci dali na to, abychom své planetě zajistili bezpečí. V závěru tajemné mimozemské zprávy se lidstvo dozvědělo, jak se připojit k záhadné hře. Účel hry není jasný. Netušíme, kde jsou umístěny servery, a herní mechanismy přesahují možnosti našeho chápání. Přesto hra postupně nabírá na obrátkách a připojuje se k ní stále více hráčů. Brzy už nebude možné ignorovat fakt, že události ve hře mají přímý dopad na dění v realitě. A nejen v té naší... Zatímco se s novou hrou seznamujeme, čas neúprosně běží. Nikdo nedokáže s jistotou říct, co se stane, až bezpečnost Země přestane být garantována a bude záležet jen na nás. Nakladatelská anotace. | |
| 655 | 7 | |a ruské romány |7 fd133320 |2 czenas | |
| 655 | 7 | |a vědecko-fantastické romány |7 fd133847 |2 czenas | |
| 655 | 9 | |a Russian fiction |2 eczenas | |
| 655 | 9 | |a science fiction novels |2 eczenas | |
| 700 | 1 | |a Kapalka, Martin, |d 1988- |7 kv2017964132 |4 trl | |
| 765 | 0 | 8 | |i Název anglického překladu: |t Countdown |
| 787 | 0 | 8 | |i Z cyklu: |t Ohýbači reality |g 1 |
| 900 | |a ABA001 |b 21 | ||
| 044 | |a xr | ||
| 910 | |a RBIT002 | ||
| 998 | |d 363076 |a https://core.palmknihy.cz/api/books/363076/cover?rl2v9e |b https://core.palmknihy.cz/api/books/363076/cover/400?rl2v9e |c https://core.palmknihy.cz/api/books/363076/cover/50?rl2v9e |e 2026-11-11 |g 352 |i 9788075941237 |j https://core.palmknihy.cz/api/books/363076/preview.epub |l |q 49 |r 1 |s https://www.palmknihy.cz/kniha/363076 |t ebook |y 2022 |z 0 |v Ohýbači reality |w 1 | ||
| 999 | |d 311743 | ||